zpět

Detail výsledku týmu

Cabaret café bar, Olomouc

Datum a čas kvízu

20.5 Celkem bodů Celkový počet nahraných bodů na tomto kvízu bez doplňovacích otázek.
5. Pořadí na kvízu Konečné umístění týmu na tomto kvízu.

Zaznamenané odpovědi

# Otázka Odpověď Body Výsledky
1. Jak se nazývá uhelná elektrárn... Chvaletice 1
2. Evropský parlament si ve střed... David-Maria Sassoli 0
3. Ke které události uplynulého t... k Mezinárodnímu filmovému festivalu Karlovy Vary 1
4. Středa byla černým dnem pro mn... Jim Beam 1
5. Po zisku domácího titulu i poh... Spartak Trnava, 3:0 1
6. V tomto tématu se vydáme autem... Palác kultury a vědy/Pałac Kultury i Nauki 0
7. Druhý den pokračujeme do litev... Pakt Ribbentrop-Molotov 1
8. Z Vilniusu pokračujeme do přím... Kaliningradská oblast 0
9. Z Klajpedy se přesuneme do Rig... secese 1
10. Poslední den se z Rigy vydáme... salmiak 0